00633nab a2200181 uc450000100070000000500170000700800410002403500110006503500210007604000130009704100080011010000430011824500650016165000360022665000300026265000130029277301460030559144720240201133619.0000429s1999 spa  a591447 a(OCoLC)819830156 ccomduadb aspa10aDancausa Trevino, Concepcion4auteaut11aSeguimiento del plan de accion contra la violencia domestica 7aViolencia contra la mujer2lemb 7aMujeres maltratadas2lemb aEspaña0 tRevista del Ministerio de Trabajo y Asuntos Sociales (Madrid)gNúmero 020, de 1999. Asuntos sociales, p. 171-176w321927x1137-58680106617